Research at grass roots : (Record no. 1226)
[ view plain ]
| 000 -LEADER | |
|---|---|
| fixed length control field | 00990cam a2200301 a 4500 |
| 001 - CONTROL NUMBER | |
| control field | 16858951 |
| 003 - CONTROL NUMBER IDENTIFIER | |
| control field | GZU |
| 005 - DATE AND TIME OF LATEST TRANSACTION | |
| control field | 20210506115635.0 |
| 008 - FIXED-LENGTH DATA ELEMENTS--GENERAL INFORMATION | |
| fixed length control field | 110706s2011 sa a b 001 0 eng |
| 010 ## - LIBRARY OF CONGRESS CONTROL NUMBER | |
| LC control number | 2011466179 |
| 020 ## - INTERNATIONAL STANDARD BOOK NUMBER | |
| International Standard Book Number | 9780627027727 |
| 020 ## - INTERNATIONAL STANDARD BOOK NUMBER | |
| International Standard Book Number | 0627027725 |
| 040 ## - CATALOGING SOURCE | |
| Original cataloging agency | DLC |
| Transcribing agency | DLC |
| 042 ## - AUTHENTICATION CODE | |
| Authentication code | pcc |
| 050 00 - LIBRARY OF CONGRESS CALL NUMBER | |
| Classification number | H 62 |
| Item number | VOS 2008 |
| 245 00 - TITLE STATEMENT | |
| Title | Research at grass roots : |
| Remainder of title | for the social sciences and human services professions / |
| Statement of responsibility, etc. | A.S. de Vos ... [et al.]. |
| 250 ## - EDITION STATEMENT | |
| Edition statement | 4th ed. |
| 260 ## - PUBLICATION, DISTRIBUTION, ETC. | |
| Place of publication, distribution, etc. | Pretoria : |
| Name of publisher, distributor, etc. | Van Schaik, |
| Date of publication, distribution, etc. | 2011. |
| 300 ## - PHYSICAL DESCRIPTION | |
| Extent | xv, 547 p. : |
| Other physical details | ill. ; |
| Dimensions | 25 cm. |
| 504 ## - BIBLIOGRAPHY, ETC. NOTE | |
| Bibliography, etc. note | Includes bibliographical references (p. 514-537) and index. |
| 650 #0 - SUBJECT ADDED ENTRY--TOPICAL TERM | |
| Topical term or geographic name entry element | Social service |
| General subdivision | Research |
| -- | Methodology. |
| 650 #0 - SUBJECT ADDED ENTRY--TOPICAL TERM | |
| Topical term or geographic name entry element | Social sciences |
| General subdivision | Research |
| -- | Methodology. |
| 650 #0 - SUBJECT ADDED ENTRY--TOPICAL TERM | |
| Topical term or geographic name entry element | Human services |
| General subdivision | Research |
| -- | Methodology. |
| 700 1# - ADDED ENTRY--PERSONAL NAME | |
| Personal name | De Vos, A. S. |
| 906 ## - LOCAL DATA ELEMENT F, LDF (RLIN) | |
| a | 7 |
| b | cbc |
| c | origres |
| d | 3 |
| e | ncip |
| f | 20 |
| g | y-gencatlg |
| 942 ## - ADDED ENTRY ELEMENTS (KOHA) | |
| Source of classification or shelving scheme | Library of Congress Classification |
| Koha item type | Books |
| Classification part | 62 |
| Item part | VOS |
| Call number prefix | 2008 |
| Withdrawn status | Lost status | Damaged status | Not for loan | Collection code | Home library | Current library | Shelving location | Date acquired | Total Checkouts | Full call number | Barcode | Date last seen | Copy number | Price effective from | Koha item type | Source of classification or shelving scheme | Inventory number |
|---|---|---|---|---|---|---|---|---|---|---|---|---|---|---|---|---|---|
| Non-fiction | City Campus Library | City Campus Library | General Stacks | 10/01/2020 | H62 VOS 2008 | 001429 | 10/01/2020 | C.1 | 10/01/2020 | Books | |||||||
| City Campus Library | City Campus Library | General Stacks | 10/01/2020 | H62 VOS 2008 | 001423 | 10/01/2020 | C.2 | 10/01/2020 | Books | ||||||||
| Non-fiction | City Campus Library | City Campus Library | General Stacks | 10/01/2020 | H 62 VOS 2008 | 027582 | 10/01/2020 | C.3 | 10/01/2020 | Books | |||||||
| Non-fiction | Gender Resource Centre | Gender Resource Centre | General Stacks | 10/01/2020 | H 62 VOS 2008 | 001432 | 06/05/2024 | C.4 | 10/01/2020 | Books | Library of Congress Classification | 001432 |